The jack bull (Record no. 67852)
[ view plain ]
| 000 -LEADER | |
|---|---|
| fixed length control field | 03361cgm a2200721Ia 4500 |
| 001 - CONTROL NUMBER | |
| control field | ocm42614352 |
| 003 - CONTROL NUMBER IDENTIFIER | |
| control field | OCoLC |
| 005 - DATE AND TIME OF LATEST TRANSACTION | |
| control field | 20241220124742.0 |
| 007 - PHYSICAL DESCRIPTION FIXED FIELD--GENERAL INFORMATION | |
| fixed length control field | vd cvaizk |
| 008 - FIXED-LENGTH DATA ELEMENTS--GENERAL INFORMATION | |
| fixed length control field | 991011s1999 nyu116 vleng d |
| 040 ## - CATALOGING SOURCE | |
| Original cataloging agency | LIM |
| Language of cataloging | eng |
| Transcribing agency | LIM |
| Modifying agency | OCL |
| -- | OCLCQ |
| -- | RCS |
| -- | OCLCQ |
| -- | BTCTA |
| -- | OCLCQ |
| -- | OCLCG |
| -- | TEF |
| -- | MBB |
| -- | OCLCA |
| -- | OCLCQ |
| -- | OCLCF |
| -- | CRU |
| -- | OCL |
| -- | UINTA |
| 020 ## - INTERNATIONAL STANDARD BOOK NUMBER | |
| International Standard Book Number | 0783114990 |
| 020 ## - INTERNATIONAL STANDARD BOOK NUMBER | |
| International Standard Book Number | 9780783114996 |
| 024 1# - OTHER STANDARD IDENTIFIER | |
| Standard number or code | 026359157424 |
| 035 ## - SYSTEM CONTROL NUMBER | |
| System control number | (OCoLC)42614352 |
| 041 1# - LANGUAGE CODE | |
| Language code of text/sound track or separate title | eng |
| -- | spa |
| -- | eng |
| -- | spa |
| -- | fre |
| Language code of original and/or intermediate translations of text | eng |
| 043 ## - GEOGRAPHIC AREA CODE | |
| Geographic area code | n-us-wy |
| 050 #4 - LIBRARY OF CONGRESS CALL NUMBER | |
| Classification number | PS3552.A27 |
| Item number | J32 1999 |
| 082 04 - DEWEY DECIMAL CLASSIFICATION NUMBER | |
| Classification number | 791.43/72 |
| Edition number | 22 |
| 049 ## - LOCAL HOLDINGS (OCLC) | |
| Holding library | UCLB |
| 245 04 - TITLE STATEMENT | |
| Title | The jack bull |
| Medium | [videorecording] / |
| Statement of responsibility, etc | HBO Pictures presents a New Crime Production in association with River One Films. |
| 260 ## - PUBLICATION, DISTRIBUTION, ETC. (IMPRINT) | |
| Place of publication, distribution, etc | New York, NY : |
| Name of publisher, distributor, etc | HBO Home Video, |
| Date of publication, distribution, etc | c1999. |
| 300 ## - PHYSICAL DESCRIPTION | |
| Extent | 1 videodisc (116 min.) : |
| Other physical details | sd., col. ; |
| Dimensions | 4 3/4 in. |
| 538 ## - SYSTEM DETAILS NOTE | |
| System details note | DVD; NTSC; region 1; Dolby digital. |
| 546 ## - LANGUAGE NOTE | |
| Language note | English (2.0 surround) or Spanish (mono) audio with optional English, Spanish or French subtitles; closed-captioned for the hearing impaired. |
| 511 1# - PARTICIPANT OR PERFORMER NOTE | |
| Participant or performer note | John Cusack, John Goodman, L.Q. Jones, Miranda Otto, John C. McGinley, John Savage, Jay O. Sanders, Scott Wilson. |
| 508 ## - CREATION/PRODUCTION CREDITS NOTE | |
| Creation/production credits note | Director, John Badham; music, Lennie Niehaus; editor, Frank Morriss; production designer, Rick Roberts; director of photography, Gale Tattersall, producer, Kevin Reidy; writer, Dick Cusack. |
| 500 ## - GENERAL NOTE | |
| General note | Inspired by the book "Micheal Kohlhass" by Heinrick von Kleist. |
| 500 ## - GENERAL NOTE | |
| General note | Originally produced as a TV movie in 1999. |
| 520 ## - SUMMARY, ETC. | |
| Summary, etc | A feud becomes a war between a proud rancher and a wealthy, influential landowner in the Old West. |
| 500 ## - GENERAL NOTE | |
| General note | Rated R. |
| 651 #0 - SUBJECT ADDED ENTRY--GEOGRAPHIC NAME | |
| Geographic name | Wyoming |
| General subdivision | History |
| Chronological subdivision | 19th century |
| Form subdivision | Drama. |
| 9 (RLIN) | 6500829 |
| 650 #0 - SUBJECT ADDED ENTRY--TOPICAL TERM | |
| Topical term or geographic name as entry element | Ranchers |
| Geographic subdivision | Wyoming |
| General subdivision | History |
| Chronological subdivision | 19th century |
| Form subdivision | Drama. |
| 9 (RLIN) | 6511764 |
| 650 #0 - SUBJECT ADDED ENTRY--TOPICAL TERM | |
| Topical term or geographic name as entry element | Vendetta |
| Geographic subdivision | Wyoming |
| General subdivision | History |
| Chronological subdivision | 19th century |
| Form subdivision | Drama. |
| 9 (RLIN) | 6511765 |
| 650 #0 - SUBJECT ADDED ENTRY--TOPICAL TERM | |
| Topical term or geographic name as entry element | Justice |
| General subdivision | History |
| Chronological subdivision | 19th century |
| Form subdivision | Drama. |
| 9 (RLIN) | 6511766 |
| 650 #7 - SUBJECT ADDED ENTRY--TOPICAL TERM | |
| Topical term or geographic name as entry element | Justice. |
| Source of heading or term | fast |
| -- | (OCoLC)fst00985122 |
| 9 (RLIN) | 6205005 |
| 650 #7 - SUBJECT ADDED ENTRY--TOPICAL TERM | |
| Topical term or geographic name as entry element | Ranchers. |
| Source of heading or term | fast |
| -- | (OCoLC)fst01089749 |
| 9 (RLIN) | 6205006 |
| 650 #7 - SUBJECT ADDED ENTRY--TOPICAL TERM | |
| Topical term or geographic name as entry element | Vendetta. |
| Source of heading or term | fast |
| -- | (OCoLC)fst01165132 |
| 9 (RLIN) | 6205007 |
| 651 #7 - SUBJECT ADDED ENTRY--GEOGRAPHIC NAME | |
| Geographic name | Wyoming. |
| Source of heading or term | fast |
| -- | (OCoLC)fst01204583 |
| 9 (RLIN) | 6205008 |
| 648 #7 - SUBJECT ADDED ENTRY--CHRONOLOGICAL TERM | |
| Chronological term | 1800 - 1899 |
| Source of heading or term | fast |
| 9 (RLIN) | 5678697 |
| 655 #7 - INDEX TERM--GENRE/FORM | |
| Genre/form data or focus term | Western television programs. |
| Source of term | lcgft |
| 9 (RLIN) | 102779 |
| 655 #7 - INDEX TERM--GENRE/FORM | |
| Genre/form data or focus term | Made-for-TV movies. |
| Source of term | lcgft |
| 9 (RLIN) | 6205009 |
| 655 #7 - INDEX TERM--GENRE/FORM | |
| Genre/form data or focus term | Video recordings for the hearing impaired. |
| Source of term | lcgft |
| 9 (RLIN) | 6205010 |
| 655 #7 - INDEX TERM--GENRE/FORM | |
| Genre/form data or focus term | Drama. |
| Source of term | fast |
| -- | (OCoLC)fst01423879 |
| 9 (RLIN) | 6205011 |
| 655 #7 - INDEX TERM--GENRE/FORM | |
| Genre/form data or focus term | History. |
| Source of term | fast |
| -- | (OCoLC)fst01411628 |
| 9 (RLIN) | 5675940 |
| 655 #7 - INDEX TERM--GENRE/FORM | |
| Genre/form data or focus term | Made-for-TV movies. |
| Source of term | fast |
| -- | (OCoLC)fst01710404 |
| 9 (RLIN) | 6205009 |
| 655 #7 - INDEX TERM--GENRE/FORM | |
| Genre/form data or focus term | Video recordings for the hearing impaired. |
| Source of term | fast |
| -- | (OCoLC)fst01710450 |
| 9 (RLIN) | 6205010 |
| 655 #7 - INDEX TERM--GENRE/FORM | |
| Genre/form data or focus term | Western television programs. |
| Source of term | fast |
| -- | (OCoLC)fst01710412 |
| 9 (RLIN) | 102779 |
| 700 1# - ADDED ENTRY--PERSONAL NAME | |
| Personal name | Badham, John, |
| Dates associated with a name | 1939- |
| 9 (RLIN) | 76615 |
| 700 1# - ADDED ENTRY--PERSONAL NAME | |
| Personal name | Reidy, Kevin. |
| 9 (RLIN) | 6205012 |
| 700 1# - ADDED ENTRY--PERSONAL NAME | |
| Personal name | Cusack, Dick. |
| 9 (RLIN) | 6205013 |
| 700 1# - ADDED ENTRY--PERSONAL NAME | |
| Personal name | Cusack, John, |
| Dates associated with a name | 1966- |
| 9 (RLIN) | 43552 |
| 700 1# - ADDED ENTRY--PERSONAL NAME | |
| Personal name | Goodman, John, |
| Dates associated with a name | 1952- |
| 9 (RLIN) | 40787 |
| 700 1# - ADDED ENTRY--PERSONAL NAME | |
| Personal name | Jones, L. Q., |
| Dates associated with a name | 1927- |
| 9 (RLIN) | 5802625 |
| 700 1# - ADDED ENTRY--PERSONAL NAME | |
| Personal name | Otto, Miranda. |
| 9 (RLIN) | 58312 |
| 710 2# - ADDED ENTRY--CORPORATE NAME | |
| Corporate name or jurisdiction name as entry element | HBO Pictures. |
| 9 (RLIN) | 59991 |
| 710 2# - ADDED ENTRY--CORPORATE NAME | |
| Corporate name or jurisdiction name as entry element | New Crime Productions (Firm) |
| 9 (RLIN) | 5847758 |
| 710 2# - ADDED ENTRY--CORPORATE NAME | |
| Corporate name or jurisdiction name as entry element | River One Films (Firm) |
| 9 (RLIN) | 6205014 |
| 710 2# - ADDED ENTRY--CORPORATE NAME | |
| Corporate name or jurisdiction name as entry element | HBO Video (Firm) |
| 9 (RLIN) | 59993 |
| 938 ## - | |
| -- | Baker and Taylor |
| -- | BTCP |
| -- | be2001000780 |
| 994 ## - | |
| -- | C0 |
| -- | UINTA |
| Withdrawn status | Lost status | Source of classification or shelving scheme | Damaged status | Not for loan | Collection code | Home library | Current library | Shelving location | Date acquired | Source of acquisition | Cost, normal purchase price | Total Checkouts | Total Renewals | Full call number | Barcode | Date last seen | Date checked out | Cost, replacement price | Price effective from | Koha item type |
|---|---|---|---|---|---|---|---|---|---|---|---|---|---|---|---|---|---|---|---|---|
| Dewey Decimal Classification | Movies | Wasatch County Library | Wasatch County Library | Audio Visual Area | 10/23/2012 | Amazon | 15.95 | 36 | 6 | DVD Jac | 34301001122565 | 06/23/2024 | 06/07/2024 | 15.95 | 03/20/2020 | DVD |
